Paroles de Lego Ninjago 1-10 - Statistiques

Statistiques générales
  • Ce quiz a été pris 129 fois
  • Le résultat moyen est 7 sur 10
Statistiques - réponses
Question Réponse % Correct
Je ne suis pas ici pour les armes, mais pour mon fils. Garmadon
100%
Kai, ne me dis pas que tu m'espionnait ? Nya
90%
Nya est le ninja vert ? Kai
81%
Ah, cette lame est tout simplement magnifique. Pythor
81%
Non, mais le faucon est programmé pour nous dire en cas d'activité suspecte. Zane
74%
Oui, pauvre Garmadon. Garmadon
68%
Kai, arrête, si je suis parti, c'est pour aller le chercher. Wu
61%
Euh, quoi ? Je peux savoir pourquoi tout le monde me regarde comme ça ? Lloyd
52%
Ça fait du bien d'être à la maison. Wu
52%
J'ai remarqué que quand il n'est pas obsédé par l'idée de transformer Ninjago à son image, il est plutôt fascinant. Zane
52%
Aucun quiz correspondant
Distribution des résultats
% des personnes avec chaque résultat
Percentile par nombre de réponses
Votre historique - résultats
Vous n’avez pas pris ce quiz